LIBRARY & INFORMATION CENTRE, KCAET, TAVANUR

ONLINE PUBLIC ACCESS CATALOGUE (OPAC)

Prose for Language Learning / (Record no. 5299)

MARC details
000 -LEADER
fixed length control field 00300cam a2200121ua 4500
082 ## - DEWEY DECIMAL CLASSIFICATION NUMBER
Classification number 824
Item number AND/PR
100 ## - MAIN ENTRY--AUTHOR NAME
Personal name Andrews, George .
245 ## - TITLE STATEMENT
Title Prose for Language Learning /
250 ## - EDITION STATEMENT
Edition statement 1 /
260 ## - PUBLICATION, DISTRIBUTION, ETC. (IMPRINT)
Place of publication Cochin :
Name of publisher Paico Publishing House ,
Year of publication 1970.
300 ## - PHYSICAL DESCRIPTION
Number of Pages 180 ;
Accompanying material Atlas.
942 ## - ADDED ENTRY ELEMENTS (KOHA)
Koha item type Books
Holdings
Withdrawn status Lost status Damaged status Home library Current library Date acquired Full call number Accession Number Koha item type
Withdrawn     KAUAET Sanskrit University 07/04/2012 824 13202 Books
Withdrawn     KAUAET Sanskrit University 07/04/2012 824 13201 Books
Withdrawn     KAUAET Sanskrit University 07/04/2012 824 13152 Books
free website counter